Psychology : the science of mental life

Αποθηκεύτηκε σε:
Λεπτομέρειες βιβλιογραφικής εγγραφής
Κύριος συγγραφέας: Miller, George A. (George Armitrage) 1920-
Μορφή: Βιβλίο
Γλώσσα:English
Δημοσίευση: Harmondsworth : Penguin, 1962
Θέματα:
Ετικέτες: Προσθήκη ετικέτας
Δεν υπάρχουν, Καταχωρήστε ετικέτα πρώτοι!

MARC

LEADER 00000nam a2200000 i 4500
001 1/29182
008 960328s1962 eng d
035 |l 10023172 
040 |a GR-MY-UA  |b gre  |e aacr 
041 0 |a eng 
082 0 |a 150 
100 1 |a Miller, George A.  |q (George Armitrage)  |d 1920- 
245 1 0 |a Psychology : the science of mental life 
260 |a Harmondsworth :   |b Penguin,   |c 1962 
300 |a 415 p. 
650 0 0 |a Psychology. 
852 |a INST  |b CHIOS  |e 19960328  |h 150 MIL  |p 005200006678  |q 005200006678  |t BK  |y 0 
909 |a Χ  |b 001550